| 000 | 00891nam a2200265 i 4500 | ||
|---|---|---|---|
| 003 | DO-SdBNP | ||
| 005 | 20260203072232.0 | ||
| 007 | ta | ||
| 008 | 241001b1983 dr ||||| |||| 00| 0 spa d | ||
| 040 |
_aDO-SdBNP _bspa _cBNPHU _erda |
||
| 082 | 4 |
_a345.7293 _bR175n 1983 _222 |
|
| 100 | 1 |
_aRamos, Leoncio, _eautor _4aut. _965698 |
|
| 245 | 1 | 0 |
_aNotas de derecho penal dominicano / _cLeoncio Ramos ; prólogo, Wellington J. Ramos Messina |
| 264 | 1 |
_aSanto Domingo : _bEditora ONAP, _c1983. |
|
| 300 |
_a533 páginas ; _c23 cm. |
||
| 336 |
_atexto _btxt _2rdacontent |
||
| 337 |
_asin mediación _bn _2rdamedia |
||
| 338 |
_avolumen _bnc _2rdacarrier |
||
| 490 | 1 |
_aEstudios Jurídicos _v22 |
|
| 590 | _ainventariado, 2024/BT | ||
| 650 | 4 |
_aDerecho penal _zRepública Dominicana _916470 |
|
| 700 | 1 |
_aRamos Mesina, Wellington J., _eprologuista _4pr. _986662 |
|
| 910 | _aBtavárez | ||
| 942 |
_2ddc _cLBS1 |
||
| 999 |
_c57744 _d57744 |
||